| 000 | 005580000a22001930004500 | ||
|---|---|---|---|
| 003 | LK-CoMWRAF | ||
| 005 | 20231030114439.0 | ||
| 008 | 230817t2001 ||||| |||| 00| 0 eng d | ||
| 020 | _a9552052378 | ||
| 040 |
_aLK-CoMWRAF _dLK-CoMWRAF _eLK-CoMWRAF |
||
| 041 | _aeng | ||
| 082 |
_a320.954 _bWAR |
||
| 100 | _aWarnapala, W.A. Wiswa | ||
| 245 |
_aPolitics in Sri Lanka: _b a collection of essays on personalities and issues |
||
| 260 |
_aColombo: _bGodage, _c2001 |
||
| 300 | _aix, 278 p. ; 22 cm. | ||
| 650 | _aPOLITICS AND GOVERNMENT-Sri Lanka | ||
| 942 | _cBK | ||
| 999 |
_c873 _d873 |
||